000 00552nam a2200193Ia 4500
003 GCL
008 140319s9999 xx 000 0 eng d
040 _aGCL /
_cGCL
082 0 4 _a892.7
_bG V
100 1 _aGHAZOUL, FERIAL J
245 1 0 _aTHE VIEW FROM WITHIN WRITERS AND CRITICS ON COMTEMPORARY ARABIC LITERATURE /
_cGHAZOUL, FERIAL J
700 1 _aHARLOW, BARBARA
260 _a[S.N] :
_bTHE CAIRO UNIVERSTY IN CAIRO PRESS. ،
_c1994
300 _a295 P
650 0 4 _aLITERATURE
650 0 4 _aCRITICISM
650 0 4 _aARABIC
942 _2ddc
_cBK
999 _c12017
_d12017